• 首页
  • 本馆介绍
  • 公告通知
  • 最新文献
  • 馆藏检索
  • 电子资源
  • 读者导购
  • 参考咨询
  • 我的图书馆
  • 登录
  • 详细信息显示
  • 放入我的书架
  • 预约/预借图书
  • 作者相关作品
  • 分类相关作品
  • 丛书相关作品
  • 出版社相关作品

书目信息

  • 表格格式
  • 工作单格式
  • 卡片格式
题名:
DK人类探险史
    
 
作者: ;徐菊 译 ;皇家地理学会 , DK公司 编著
分册:  
出版信息: 上海   上海文化出版社  2019.08
页数: 360页
开本: 31cm
丛书名:
单 册:
中图分类: N81-49
科图分类:
主题词: 探险--tan xian--历史--世界--普及读物
电子资源:
ISBN: 978-7-5535-1653-0
000 01377nam0 2200277 450
001 0109110147
005 20201109110337.0
010    @a978-7-5535-1653-0@b精装@dCNY238.00
100    @a20190921e20202019cd y0chiy50 ea
101 0  @achi
102    @aCN@b310000
105    @aa z 001yy
106    @ar
200 1  @aDK人类探险史@ADK ren lei tan xian shi@e关于毅力与探索的伟大故事@f(英)皇家地理学会, DK公司编著@g徐菊译
210    @a上海@c上海文化出版社@d2019.08@h2020.01
215    @a360页@c图@d31cm
320    @a有索引
330    @a从第一批离开非洲的人类到第一批离开这个星球的人类。探索未知的冲动推动了人类的进步。DK的这本探险家讲述人类探索的故事,让读者进入一些最勇敢的人们的生活。专注于世界上最伟大的50名探险家,简单介入他们的60名助手和同伴,该书充满探险者自己的话,罕见的地图,特别委托的照片以及艺术作品,重新展现出历史上最伟大的考察。从贸易到殖民,到科学的好奇心和传教士的热情,本书介绍历史上最著名的开拓者,他们的勇气打开了边界,把未知变成了地图,锻造了国家,连接了文化,并使人类的知识得到了飞跃。
517 1  @a关于毅力与探索的伟大故事@Aguan yu yi li yu tan suo de wei da gu shi
606 0  @a探险@Atan xian@x历史@y世界@j普及读物
690    @aN81-49@v5
702  0 @a徐菊@Axu ju@4译
711 02 @c(英)@a皇家地理学会@Ahuang jia di li xue hui@4编著
711 02 @c(英)@aDK公司@ADK Gong Si@4编著
801  0 @aCN@bBJSZM@c20201103
905    @b1213821-2@dN81-49@e23@f2
    
    DK人类探险史:关于毅力与探索的伟大故事/(英)皇家地理学会, DK公司编著/徐菊译.-上海:上海文化出版社,2019.08(2020.01)
    360页:图;31cm
    
    
    ISBN 978-7-5535-1653-0(精装):CNY238.00
    从第一批离开非洲的人类到第一批离开这个星球的人类。探索未知的冲动推动了人类的进步。DK的这本探险家讲述人类探索的故事,让读者进入一些最勇敢的人们的生活。专注于世界上最伟大的50名探险家,简单介入他们的60名助手和同伴,该书充满探险者自己的话,罕见的地图,特别委托的照片以及艺术作品,重新展现出历史上最伟大的考察。从贸易到殖民,到科学的好奇心和传教士的热情,本书介绍历史上最著名的开拓者,他们的勇气打开了边界,把未知变成了地图,锻造了国家,连接了文化,并使人类的知识得到了飞跃。
●
相关链接 在E读中查询图书 在五车中查询图书 在当当中查询图书 在豆瓣中查询图书


正题名:DK人类探险史     索取号:N81-49/23         预约/预借

序号 登录号 条形码 馆藏地/架位号 状态 备注
1 1213821   212138211   第二样本阅览室/ [索取号:N81-49/23] 在馆    
2 1213822   212138220   第三借阅区/ [索取号:N81-49/23] 在馆    
唐山师范学院图书馆 欢迎您!
大连网信软件有限公司© 版权所有